01058nam a2200229 a 450000100100000000500170001000800410002702000180006804000250008608200160011110000500012724500880017726000390026530000280030450000600033250400300039259000260042295201290044895201140057795201200069199900170081100004826620201002061030.0181210s2015 dr a r 000 0 spa d a9789945589993 aDO-SdBNPbspacBNPHU axxxxbG633E1 aGómez Morel, Olga Lobetty de,d1952-97570110aEmilia Jimenes Pereyra : una mujer extraordinaria /cOlga Lobetty Gómez de Morel. aSanto Domingo :bSantuario,c2015. a94 p. :bil., ;c23 cm. aIncluye datos biográficos de la autora en las solapas aBibliografía : p. 93-94 aInventariado, 2019/BT 001054708DSaGRbGRcHDd2018-12-10iLF1l0oxxxx G633Ep48266-30r2020-06-25te. 3w2020-06-25yLFDSZPréstamo en sala 0010718PDaPDbPDcHDd2018-12-10iLF1l0oxxxx G633Ep48266-10r2020-06-25w2020-06-25yLFPDZNo se presta 0010718PDaPDbPDcHDd2018-12-10iLF1l0oxxxx G633Ep48266-20r2020-06-25te. 2w2020-06-25yLFPDZNo se presta c47754d47754